Indirect utility in axiomatic treatment /

Hlavní autor: Glückaufová, Dagmar
Další autoři: Černý, Martin, 1937-
Jazyk: Angličtina
Vydáno: Praha : Ekonomický ústav ČSAV, 1970
Vydání: 1. print.
Edice: Výzkumné publikace Ekonomicko-matematické laboratoře ČSAV v Praze ; číslo 27
Fyzický popis: 45, [8] s. ; 8°
Language note: Německé, francouzské, a ruské resumé
Knihy
Uloženo v:
LEADER 01204nam a22003132a 4500
001 001593879
003 CZ BrMZK
005 20170908130047.0
007 ta
008 170908s1970 xr er|||||||||||eng d
015 |a cnb000453863 
035 |a (OCoLC)42091271 
040 |a ABA001  |b cze  |c ABA001  |d ABA001  |d BOA001 
041 0 |a eng  |b fre  |b ger  |b rus 
080 9 |a 330.13:339.4.517.51 :517.12= 20 
100 1 |a Glückaufová, Dagmar  |7 jk01032488  |4 aut 
245 1 0 |a Indirect utility in axiomatic treatment /  |c Dagmar Glückaufová, Martin Černý 
250 |a 1. print. 
260 |a Praha :  |b Ekonomický ústav ČSAV,  |c 1970 
300 |a 45, [8] s. ;  |c 8° 
490 1 |a Výzkumné publikace Ekonomicko-matematické laboratoře ČSAV v Praze ;  |v číslo 27 
504 |a Obsahuje bibliografii a bibliografické odkazy 
546 |a Německé, francouzské, a ruské resumé 
700 1 |a Černý, Martin,  |d 1937-  |7 jn19981002640  |4 aut 
810 2 |a Československá akademie věd.  |b Ekonomicko-matematická laboratoř.  |t Výzkumná publikace 
910 |a BOA001  |b X-0659.944 
990 |a BK 
991 |b 201709 
996 6 |b 2618911396  |c X-0659.944  |l MZK  |r Sklad / do 24 hodin  |n 0  |w 001629187  |u 000010  |a 1  |e BOA001  |j MZK50  |s P